000 00791nam a2200253Ia 4500
003 OSt
005 20220927105342.0
006 a|||||r|||| 00| 0
007 ta
008 220926b |||||||| |||| 00| 0 eng d
020 _a9781850659822
024 _a192763
037 _cReference Collections
040 _aRTL
_cRTL
_beng
041 _2eng
_aeng
082 _a"Y73(Q7).3.N69<-M39, P9"
100 _aVAN GRONDELLE Marc
_9371879
245 0 _aIsmailis in the Colonial Era
_b" Modernity, empire and Islam, 1839-1969"
260 _aDelhi
_bFoundation Books
_c2009
300 _a"xvi, 139p"
_ccm.
500 _aBibliography: P 123-26
942 _h"Y73(Q7).3.N69<-M39, P9"
_cCC
999 _c692040
_d692040